[Event "ST-2020-0-00165"]
[Site "LSS email"]
[Date "2020.09.22"]
[Round "?"]
[White "Nichols, Scott"]
[Black "Walczak, Piotr"]
[Result "1/2-1/2"]
[WhiteElo "2365"]
[BlackElo "2368"]
[PlyCount "80"]
[EventDate "2020.09.09"]
[EventType "tourn (corr)"]
[EventRounds "6"]
[EventCountry "GER"]
[SourceTitle "Corr 2024"]
[Source "ChessBase"]
[SourceDate "2023.10.19"]
[SourceVersion "1"]
[SourceVersionDate "2023.10.19"]
[SourceQuality "1"]

1. e4 c5 2. Nf3 d6 3. d4 cxd4 4. Nxd4 Nf6 5. Nc3 a6 6. Be3 e5 7. Nb3 Be6 8. f3 h5 9. Qd2 Nbd7 10. Nd5 Bxd5 11. exd5 g6 12. 0-0-0 Nb6 13. Kb1 Nfxd5 14. Bg5 Be7 15. Bxe7 Qxe7 16. c4 Nf6 17. Qxd6 Qxd6 18. Rxd6 Nbd7 19. Be2 Ke7 20. Rdd1 Rac8 21. Rhe1 h4 22. f4 Kf8 23. Bf3 exf4 24. Bxb7 Rc7 25. Bxa6 h3 26. gxh3 Rxh3 27. Rd4 f3 28. Bb5 g5 29. Rd2 g4 30. Nd4 Rh5 31. b4 Nb6 32. Rc2 Re7 33. Rxe7 Kxe7 34. Bc6 Re5 35. Nxf3 gxf3 36. Bxf3 Re3 37. Re2 Nxc4 38. Kc2 Rxe2+ 39. Bxe2 Ne5 40. a4 Nd5 1/2-1/2

[Event "ST-2020-0-00132"]
[Site "LSS email"]
[Date "2020.01.17"]
[Round "?"]
[White "Steinke, Ruediger"]
[Black "Walczak, Piotr"]
[Result "1/2-1/2"]
[WhiteElo "2362"]
[BlackElo "2396"]
[PlyCount "37"]
[EventDate "2020.01.17"]
[EventType "tourn (corr)"]
[EventRounds "6"]
[EventCountry "GER"]
[SourceTitle "Corr 2022"]
[Source "ChessBase"]
[SourceDate "2021.10.24"]
[SourceVersion "1"]
[SourceVersionDate "2021.10.24"]
[SourceQuality "1"]

1. e4 c5 2. Nf3 d6 3. d4 cxd4 4. Nxd4 Nf6 5. Nc3 a6 6. f3 e5 7. Nb3 Be6 8. Be3 h5 9. Nd5 Bxd5 10. exd5 g6 11. Qd2 Nbd7 12. Be2 Bg7 13. Na5 Qc7 14. 0-0 b6 15. Nc6 Nxd5 16. Qxd5 Nf6 17. Qb3 Qxc6 18. Qxb6 Qxb6 19. Bxb6 1/2-1/2

[Event "ST-2020-0-00132"]
[Site "LSS email"]
[Date "2020.01.17"]
[Round "?"]
[White "Walczak, Piotr"]
[Black "Muniz Pardino, Alberto"]
[Result "1-0"]
[WhiteElo "2396"]
[BlackElo "2391"]
[PlyCount "113"]
[EventDate "2020.01.17"]
[EventType "tourn (corr)"]
[EventRounds "6"]
[EventCountry "GER"]
[SourceTitle "Corr 2022"]
[Source "ChessBase"]
[SourceDate "2021.10.24"]
[SourceVersion "1"]
[SourceVersionDate "2021.10.24"]
[SourceQuality "1"]

1. c4 e5 2. Nc3 Nf6 3. Nf3 Nc6 4. e3 Bb4 5. Qc2 Bxc3 6. Qxc3 Qe7 7. d4 Ne4 8. Qd3 exd4 9. Nxd4 0-0 10. Be2 Qb4+ 11. Kf1 Qe7 12. f3 Nc5 13. Qd2 Re8 14. b3 d6 15. Nb5 a5 16. Bb2 Bf5 17. Rd1 Rac8 18. e4 Be6 19. g4 Qh4 20. Kg2 a4 21. Rhg1 axb3 22. axb3 Qh6 23. Qc3 f5 24. gxf5 Bxf5 25. Kh1 Bg6 26. Rg4 Ne5 27. Bc1 Qh5 28. Rg2 Rf8 29. Nd4 Qh3 30. Rg3 Qh4 31. Qe3 Rce8 32. b4 Ne6 33. Nxe6 Rxe6 34. Rdg1 Qe7 35. c5 Ref6 36. Bb2 Rf4 37. Bd4 Nc6 38. Bc3 Ne5 39. Bb2 Kh8 40. b5 b6 41. cxd6 cxd6 42. Bd4 Qb7 43. Qc3 Qe7 44. h3 Nd7 45. R1g2 Nf6 46. Bxb6 Nh5 47. Rg5 Rh4 48. Be3 Qe6 49. R5g4 Rxh3+ 50. Kg1 Nf6 51. Rg5 Rh4 52. Bf2 Rh3 53. Qd4 Rc8 54. Be3 Rh4 55. b6 Qh3 56. b7 Rf8 57. Rf5 1-0

[Event "ST-2020-0-00132"]
[Site "LSS email"]
[Date "2020.01.17"]
[Round "?"]
[White "Wosch, Arkadiusz Janusz"]
[Black "Walczak, Piotr"]
[Result "1/2-1/2"]
[WhiteElo "2438"]
[BlackElo "2396"]
[PlyCount "78"]
[EventDate "2020.01.17"]
[EventType "tourn (corr)"]
[EventRounds "6"]
[EventCountry "GER"]
[SourceTitle "Corr 2022"]
[Source "ChessBase"]
[SourceDate "2021.10.24"]
[SourceVersion "1"]
[SourceVersionDate "2021.10.24"]
[SourceQuality "1"]

1. e4 c5 2. Nf3 d6 3. d4 cxd4 4. Nxd4 Nf6 5. Nc3 a6 6. Be3 e5 7. Nb3 Be6 8. f3 Nbd7 9. g4 Nb6 10. g5 Nh5 11. Qd2 Be7 12. 0-0-0 Rc8 13. Rg1 0-0 14. Kb1 g6 15. Qf2 Nc4 16. Bxc4 Bxc4 17. Qg2 b5 18. Nd5 Bxd5 19. Rxd5 Rc4 20. Rgd1 Qc7 21. a3 Rb8 22. h4 Bf8 23. Qd2 Rc8 24. Rc1 Ng7 25. Rd3 Ra4 26. Qe1 Rc4 27. Qd1 Ne6 28. Rd5 Qe7 29. Qh1 Nc7 30. Rd3 Ne6 31. Bd2 Nd4 32. Nxd4 exd4 33. h5 d5 34. exd5 Qc5 35. hxg6 fxg6 36. Qh3 Qxd5 37. Bc3 Re8 38. Rh1 Re7 39. Bb4 Rec7 1/2-1/2

[Event "RM-2019-0-00187"]
[Site "LSS email"]
[Date "2019.04.13"]
[Round "?"]
[White "Enev, Zlatko"]
[Black "Walczak, Piotr"]
[Result "1/2-1/2"]
[WhiteElo "2214"]
[BlackElo "2376"]
[PlyCount "64"]
[EventDate "2018.07.19"]
[EventType "tourn (corr)"]
[EventRounds "6"]
[EventCountry "GER"]
[SourceTitle "Corr 2022"]
[Source "ChessBase"]
[SourceDate "2021.10.24"]
[SourceVersion "1"]
[SourceVersionDate "2021.10.24"]
[SourceQuality "1"]

1. Nf3 Nf6 2. c4 g6 3. g3 Bg7 4. Bg2 d5 5. cxd5 Nxd5 6. Nc3 0-0 7. h4 h6 8. 0-0 c5 9. d3 Nc6 10. Bd2 Nxc3 11. Bxc3 e5 12. Nd2 Bd7 13. a3 a5 14. Rc1 h5 15. Ne4 b6 16. Ng5 Rc8 17. e3 Bh6 18. Ne4 Bg7 19. Ng5 Bh6 20. Ne4 Qe7 21. Qb3 Rb8 22. f4 Bg7 23. Rf2 exf4 24. gxf4 Be6 25. Qa4 Bxc3 26. Nxc3 b5 27. Nxb5 Bh3 28. Bxc6 Qxe3 29. Qc2 Rfc8 30. Na7 Rc7 31. Bf3 Bg4 32. Be4 Qg3+ 1/2-1/2

[Event "RM-2019-0-00186"]
[Site "LSS email"]
[Date "2019.03.09"]
[Round "?"]
[White "Rolle, Hannes"]
[Black "Walczak, Piotr"]
[Result "1/2-1/2"]
[WhiteElo "2303"]
[BlackElo "2376"]
[PlyCount "80"]
[EventDate "2018.07.08"]
[EventType "tourn (corr)"]
[EventRounds "6"]
[EventCountry "GER"]
[SourceTitle "Corr 2022"]
[Source "ChessBase"]
[SourceDate "2021.10.24"]
[SourceVersion "1"]
[SourceVersionDate "2021.10.24"]
[SourceQuality "1"]

1. e4 c5 2. Nf3 Nc6 3. d4 cxd4 4. Nxd4 Nf6 5. Nc3 e5 6. Ndb5 d6 7. Bg5 a6 8. Na3 b5 9. Nd5 Be7 10. Bxf6 Bxf6 11. c4 b4 12. Nc2 0-0 13. g3 a5 14. Bg2 g6 15. Nxf6+ Qxf6 16. 0-0 h5 17. Ne3 h4 18. Nd5 Qd8 19. f4 hxg3 20. hxg3 Nd4 21. Qd2 Kg7 22. Rf2 f6 23. Raf1 Be6 24. Ne3 Rh8 25. f5 gxf5 26. exf5 Bf7 27. Rd1 b3 28. axb3 Rb8 29. Nc2 Nxb3 30. Qxd6 a4 31. Qxd8 Rhxd8 32. Rxd8 Rxd8 33. Bc6 Nc5 34. Ne3 Rd3 35. Nd5 Rd1+ 36. Rf1 Rd4 37. Rc1 Bh5 38. Nc7 Bg4 39. Ne6+ Nxe6 40. fxe6 Bxe6 1/2-1/2

[Event "RM-2019-0-00186"]
[Site "LSS email"]
[Date "2019.03.09"]
[Round "?"]
[White "Wosch, Arkadiusz Janusz"]
[Black "Walczak, Piotr"]
[Result "1-0"]
[WhiteElo "2395"]
[BlackElo "2376"]
[PlyCount "39"]
[EventDate "2018.07.08"]
[EventType "tourn (corr)"]
[EventRounds "6"]
[EventCountry "GER"]
[SourceTitle "Corr 2022"]
[Source "ChessBase"]
[SourceDate "2021.10.24"]
[SourceVersion "1"]
[SourceVersionDate "2021.10.24"]
[SourceQuality "1"]

1. e4 c5 2. Nf3 Nc6 3. d4 cxd4 4. Nxd4 Nf6 5. Nc3 e5 6. Ndb5 d6 7. Bg5 a6 8. Na3 b5 9. Nd5 Be7 10. Bxf6 Bxf6 11. c3 0-0 12. Nc2 Rb8 13. h4 Be7 14. Nce3 Be6 15. a4 Qd7 16. Be2 Bd8 17. h5 Bg5 18. axb5 axb5 19. Ra6 Nd4 20. cxd4 1-0